书目信息 |
| 题名: |
机床电器
|
|
| 作者: | ;上海市业余工业大学 编著 | |
| 分册: | 下册 | |
| 出版信息: | 上海 上海科学技术出版社 1978 |
|
| 页数: | 229页 | |
| 开本: | 26cm | |
| 丛书名: | ||
| 单 册: | ||
| 中图分类: | TG502.34 | |
| 科图分类: | ||
| 主题词: | 机床-电器 , 电器-机床 | |
| 电子资源: | ||
| ISBN: | ||
| 000 | 00637nam0 2200229 45 | |
| 001 | 0178002136 | |
| 005 | 20060726172951.26 | |
| 010 | @dCNY0.68 | |
| 091 | @a15119.1929 | |
| 100 | @a19950731d1978 em y0chiy0121 ea | |
| 101 | 0 | @achi |
| 102 | @aCN@b310000 | |
| 105 | @ay z 000yy | |
| 200 | 10 | @a机床电器@Aji chuang dian qi@h下册@f上海市业余工业大学编著 |
| 210 | @a上海@c上海科学技术出版社@d1978 | |
| 215 | @a229页@d26cm | |
| 606 | @a机床-电器 | |
| 606 | @a电器-机床 | |
| 690 | @aTG502.34@v3 | |
| 711 | 02 | @a上海市业余工业大学@Ashang hai shi ye yu gong ye da xue@4编著 |
| 801 | 0 | @aCN@bTSSF@c20060726 |
| 905 | @a10447@dTG502.34@e20 | |
| 机床电器.下册/上海市业余工业大学编著.-上海:上海科学技术出版社,1978 |
| 229页;26cm |
| ISBN :CNY0.68 |
| ● |
| 相关链接 |
|
|
|
|
正题名:机床电器
索取号:TG502.34/20
 
预约/预借
| 序号 | 登录号 | 条形码 | 馆藏地/架位号 | 状态 | 备注 |
| 1 | 0438315 | 204383158 | 密集书库/ [索取号:TG502.34/20] | 在馆 |